Normal view
MARC view
Entry Personal Name
001 - CONTROL NUMBER
- control field: 337042
003 - CONTROL NUMBER IDENTIFIER
- control field: OSt
005 - DATE AND TIME OF LATEST TRANSACTION
- control field: 20220926032226.0
008 - FIXED-LENGTH DATA ELEMENTS
- fixed length control field: 220926|| aca||aabn | a|a d
040 ## - CATALOGING SOURCE
- Original cataloging agency: OSt
- Transcribing agency: OSt
100 ## - HEADING--PERSONAL NAME
- Personal name: Ris Thomas F
670 ## - SOURCE DATA FOUND
- Source citation: Work cat.: (OSt)654133: Ris Thomas F, Promotional and advertising copywriters handbook, 1970
